|
|
|
|
| LEADER |
00000nam0a2200000 4500 |
| 001 |
285286 |
| 005 |
20231101235759.0 |
| 035 |
|
|
|a (RuTPU)RU\TPU\book\309521
|
| 035 |
|
|
|a RU\TPU\book\121423
|
| 090 |
|
|
|a 285286
|
| 100 |
|
|
|a 20150224d1985 m y0rusy5003 ca
|
| 101 |
0 |
|
|a rus
|
| 102 |
|
|
|a RU
|
| 105 |
|
|
|a a j 000zy
|
| 200 |
1 |
|
|a Автомобиль категории "В"
|e учебник водителя
|f В. М. Кленников, Н. М. Ильин, Ю. В. Буралев
|
| 205 |
|
|
|a 3-е изд., перераб. и доп.
|
| 210 |
|
|
|a Москва
|c Транспорт
|d 1985
|
| 215 |
|
|
|a 320 с.
|c ил.
|
| 606 |
1 |
|
|a Автомобили
|2 stltpush
|3 (RuTPU)RU\TPU\subj\986
|9 29789
|
| 610 |
1 |
|
|a учебники
|
| 610 |
1 |
|
|a устройство
|
| 610 |
1 |
|
|a двигатель
|
| 610 |
1 |
|
|a питание
|
| 610 |
1 |
|
|a электрооборудование
|
| 610 |
1 |
|
|a трансмиссия
|
| 610 |
1 |
|
|a кузов
|
| 610 |
1 |
|
|a эксплуатация
|
| 610 |
1 |
|
|a техническое обслуживание
|
| 610 |
1 |
|
|a системы
|
| 675 |
|
|
|a 629.113(075.3)
|v 4
|
| 700 |
|
1 |
|a Кленников
|b В. М.
|g Владимир Михайлович
|4 070
|
| 701 |
|
1 |
|a Ильин
|b Н. М.
|g Николай Михайлович
|
| 701 |
|
1 |
|a Буралев
|b Ю. В.
|g Юлий Васильевич
|
| 801 |
|
0 |
|a RU
|b 63413507
|c 19950704
|g psbo
|
| 801 |
|
1 |
|a RU
|b 63413507
|c 20070326
|g PSBO
|
| 801 |
|
2 |
|a RU
|b 63413507
|c 20170602
|g PSBO
|
| 900 |
|
|
|a Электрооборудование автомобилей и тракторов
|
| 900 |
|
|
|a Автомобили и тракторы
|
| 942 |
|
|
|c BK
|